US 2024 Election Results - Statistics

General Stats
  • This quiz has been taken 429 times
  • The average score is 48 of 49
Answer Stats
Hint Answer % Correct
Alabama Trump
100%
Alaska Trump
100%
California Harris
99%
Colorado Harris
99%
Connecticut Harris
99%
Delaware Harris
99%
Arkansas Trump
99%
Florida Trump
99%
Hawaii Harris
98%
Illinois Harris
98%
Maryland Harris
98%
Massachusetts Harris
98%
Minnesota Harris
98%
Georgia Trump
98%
Idaho Trump
98%
Indiana Trump
98%
Iowa Trump
98%
Kansas Trump
98%
Mississippi Trump
98%
New Jersey Harris
97%
New Mexico Harris
97%
New York Harris
97%
Kentucky Trump
97%
Louisiana Trump
97%
Missouri Trump
97%
Montana Trump
97%
Nebraska Trump
97%
Nebraska's 1st District Trump
97%
Ohio Trump
97%
Pennsylvania Trump
97%
South Carolina Trump
97%
Tennessee Trump
97%
Nebraska's 2nd District Harris
96%
New Hampshire Harris
96%
Oregon Harris
96%
Rhode Island Harris
96%
Vermont Harris
96%
Virginia Harris
96%
District of Columbia Harris
96%
Nebraska's 3rd District Trump
96%
North Carolina Trump
96%
North Dakota Trump
96%
Oklahoma Trump
96%
South Dakota Trump
96%
Texas Trump
96%
Utah Trump
96%
West Virginia Trump
96%
Wisconsin Trump
96%
Wyoming Trump
96%
No matching quizzes found
Score Distribution
Percent of People with Each Score
Percentile by Number Answered
Your Score History
You have not taken this quiz